Métodos fitotécnicos (Record no. 78815)

MARC details
000 -LEADER
campo de control de longitud fija 01096nam a2200265 i 4500
001 - NÚMERO DE CONTROL
campo de control 78815
003 - IDENTIFICADOR DE NÚMERO DE CONTROL
campo de control ES-MaACL
005 - FECHA Y HORA DE LA ÚLTIMA TRANSACCIÓN
campo de control 20250728095942.0
007 - CAMPO FIJO DE DESCRIPCIÓN FÍSICA--INFORMACIÓN GENERAL
campo de control de longitud fija t|
008 - DATOS DE LONGITUD FIJA--INFORMACIÓN GENERAL
campo de control de longitud fija 041018s1947 ag ||||1| spa d
100 1# - ENTRADA PRINCIPAL--NOMBRE DE PERSONA
Nombre de persona Hayes, Herbert Kendall.
9 (RLIN) 62195
245 10 - MENCIÓN DEL TÍTULO
Título Métodos fitotécnicos
Resto del título : procedimientos científicos para mejorar las plantas cultivadas /
Mención de responsabilidad, etc. por Herbert Kendall Hayes y Forrest Rhimehart Immer ; traducido del inglés por Antonio E. Marino ; prólogo especial para esta edición por Salomón Horovitz.
250 ## - MENCION DE EDICION
Mención de edición 2ª ed.
260 ## - PUBLICACIÓN, DISTRIBUCIÓN, ETC.
Lugar de publicación, distribución, etc. Buenos Aires :
Nombre del editor, distribuidor, etc. Acme Agency,
Fecha de publicación, distribución, etc. 1947 (
Fabricante Cía. Gral. Fabril Financiera)
300 ## - DESCRIPCIÓN FÍSICA
Extensión XXVIII, 521 p. :
Otras características físicas il. ;
Dimensiones 23 cm.
490 1# - MENCIÓN DE SERIE
Mención de serie Ciencias biológicas y agronómicas
650 #7 - PUNTO DE ACCESO ADICIONAL DE MATERIA--TÉRMINO DE MATERIA
Término de materia o nombre geográfico como elemento de entrada Técnicas agrícolas
Fuente del encabezamiento o término embne
9 (RLIN) 155853
650 ## - PUNTO DE ACCESO ADICIONAL DE MATERIA--TÉRMINO DE MATERIA
Término de materia o nombre geográfico como elemento de entrada Plantas-
Subdivisión general Mejora genética.
9 (RLIN) 16115
700 1# - ENTRADA AGREGADA--NOMBRE PERSONAL
Nombre de persona Immer, Forrest Rhimehart.
9 (RLIN) 65222
700 1# - ENTRADA AGREGADA--NOMBRE PERSONAL
Nombre de persona Marino, Antonio E.
9 (RLIN) 76851
700 1# - ENTRADA AGREGADA--NOMBRE PERSONAL
Nombre de persona Horovitz, Salomón.
9 (RLIN) 64237
830 1# - PUNTO DE ACCESO ADICIONAL DE SERIE-TÍTULO UNIFORME
Título uniforme Ciencias biológicas y agronómicas
9 (RLIN) 231410
852 ## - LOCALIZACIÓN
Ubicación ES-MaACL
Número de control de estantería D-6675
Holdings
Estatus retirado Estado de pérdida Estado de daño No para préstamo Biblioteca de origen Biblioteca actual Ubicación en estantería Fecha de adquisición Fuente de adquisición Total de préstamos Signatura topográfica completa Código de barras Visto por última vez Precio de reemplazo Tipo de ítem Koha
        Biblioteca del Ateneo de Madrid Biblioteca del Ateneo de Madrid Sala Valle Inclán 17/01/2008     D-6675 901082428 23/02/2023 23/02/2023 Libro impreso